000 02486nam a2200325.c 4500
001 53961
003 ES-MaCES
005 20251119144013.0
008 251114s2024 uk ||||| |||||||||||eng|d
020 _a9781911723745
040 _aES-MaCES
_bspa
_cES-MaCES
100 1 _941562
_aTheuns, Tom
245 1 0 _aProtecting Democracy in Europe
_b: pluralism, autocracy and the future of the EU
_cTom Theuns
260 _aLondon
_bHurst & Co.
_c[2024]
300 _aXII, 254 p.
_b23 cm
500 _aÍndices
520 3 _aEl futuro de Europa como comunidad de estados democráticos es profundamente incierto. La Unión Europea, fundada para promover una integración cada vez mayor, aspira nominalmente a una cooperación pacífica y próspera. Sin embargo, este ideal se ha visto golpeado por una serie de crisis devastadoras, y ahora por la guerra. Proteger la democracia en Europa examina cómo, en este nuevo panorama, la UE puede y debe salvaguardar la gobernanza democrática en sus estados miembros. Al revisar las respuestas pasadas de la Unión, Tom Theuns demuestra que sus leyes y políticas actuales son normativa y expresivamente incoherentes. Su incapacidad para defender los valores democráticos no sorprende: el conjunto de herramientas actual de la UE se basa en una concepción empobrecida de la democracia y contradice sus principios fundamentales. Un análisis detallado de los discursos de los comisarios europeos revela que conciben la democracia de forma técnica y legalista. Esta perspectiva —«democracia sin política»— resulta fácil de explotar para los aspirantes a autócratas. Para proteger la democracia en Europa, Theuns sostiene que la UE debe corregir urgentemente las políticas que la hacen cómplice del retroceso democrático. Debe contener las influencias autocráticas (dentro de los estrictos límites de su autoridad política) y debe fomentar la democracia pluralista en sus países miembros. Pero donde esto fracase, concluye, los miembros autocráticos deberían ser expulsados.
650 4 _927175
_ademocracia
650 4 _929381
_aintegración política
650 4 _929225
_adesarrollo político
650 4 _927244
_aproblema político
650 4 _929918
_amecanismo de control
650 4 _930776
_apolítica comunitaria
650 4 _926752
_aUE
650 4 _926940
_aEuropa
650 4 _927233
_ateoría política
653 1 0 _aCiencias Sociales-Políticas
902 _aLIB Libro
942 _2CES
_cBK
_h7.0.
999 _c53961
_d53961